01620 a2200217 45000010006000000050017000060080041000230030015000640400040000790800095001192450056002140200018002702640036002883000026003245050877003500410008012271000024012357000020012597000028012798560095013075312120260407155805.0260407a1996 arg spa dAR-UNSa-BCEJYS aAR-UNSa-BCEJYSbspacAR-UNSa-BCEJYS a330.8xHistoria de las teorías, Doctrinas, Dogmas económicos (pensamiento económico)10aContra Keynes y Cambridgepensayos, correspondencia a84-7209-308-5 1aMadrid :bUnion Editorialc1996 axviii, 297 p.c25 cm. aPrimera parte: Hayek en la London school of economics and political science - 1. La economía de los años treinta vista desde Londres - 2. La "paradoja" del ahorro - Segunda parte: Polémicas de Hayek con Keynes y Sraffa - 3. Reflexiones sobre la teoría pura del dinero del señor J.M.Keynes - 4. La teoría pura del dinero al Dr. Hayek,por J.M.Keynes - 5. Réplica al señor Keynes - 6. Reflexiones sobre la teoría pura del dinero de J.M.Keynes (continuación) - 7. Las ideas de Hayek sobre el dinero y el capital,por Piero Sraffa - 8. Dinero y capital:una réplica - 9. Contrarréplica,por Piero Sraffa - Tercer parte: Ensayos sobre Keynes - 10. Recensión de Life of J.M.Keynes,de Harrod - 11. ¿Por qué un simposio sobre Keynes? 12. Recuerdos personales de Keynes y de la "Revolución keynesiana" - 13. El centenario de Keynes:la crítica austriaca aspa1 aHayek, Friedrich A.1 aCaldwell, Bruce1 aHuerta de Soto, Jesús41uhttps://biblioeco.unsa.edu.ar/pmb/images/libros/L128526.jpgyImagen de portadaqimage/jpeg